It looks like you're offline.
Open Library logo
additional options menu

MARC record from Internet Archive

LEADER: 00708cam a2200217 4500
001 72100556
003 DLC
005 20130417081125.0
008 701231s1970 nyu 000 0 eng
010 $a 72100556
040 $aDLC$cDLC$dDLC
050 00 $aBS2261$b.K6
082 00 $a232.95/4
130 0 $aBible.$pNew Testament.$kSelections.$lEnglish.$sRevised standard.$f1970.
245 10 $aWhat Jesus said about it;$ball the words of Jesus in the New Testament arranged according to subjects$c[by] Henry Koestline.
260 $aNew York,$bNew American Library$c[1970]
300 $a175 p.$c18 cm.
350 $a$0.95
490 0 $aA Mentor book,$vMQ977
600 00 $aJesus Christ$xWords.
700 1 $aKoestline, Henry.